000 00572nam a2200157 a 4500
001 000039282
005 20201002031557.0
008 130621s2012 dr 000 0 spa d
020 _a9789945165326
040 _aDO-SdBNP
_bspa
_cBNPHU
100 1 _aTejada, Eddy
_965478
245 1 3 _aEl tráfico ilícito y la trata de personas desde y en República Dominicana :
_bmigration policy brief /
_cEddy Tejada, Bridget Wooding.
260 _aSanto Domingo :
_bCentro de Investigaciones y Estudios Sociales,
_c2012.
300 _a23 p. ;
_c29 cm.
700 1 _aWooding, Bridget
_92231
999 _c38772
_d38772